000 00981nas a2200301 4500
001 BR7803232
003 BR-BrBNA
005 20231205083439.0
007 ta
008 230509b bl.|||p| |||| 00| 00por d
040 _aBR-BrBNA
_bpor
_cBiblioteca Nacional de Agricultura
041 _a(Pt)
072 _aF22; F23
100 1 _aCuri, N.
100 1 _aKampt, N.
245 1 _aSolos das encontas superior e inferior do nordeste do Rio Grande do Sul: caracterizacao das propriedades fisicas e quimicas, classificacao e utilizacao para fins agricolas [Brasil]
650 _aQUIMICA DO SOLO
650 _aFISICA DO SOLO
650 _aCLASSIFICACAO DO SOLO
650 _aANALISE FISICA
650 _aANALISE QUIMICA
650 _aANALISE DO SOLO
650 _aSOLO
650 _aRIO GRANDE DO SUL
773 0 _tCiencia e Pratica (Brazil)
_xISSN 0100-3267
_g(Jul 1977), v. 1(2) p. 124-146
_wBR7803232
909 _a202311
_bLúcia
_c55
_dLúcia Elande
942 _2AGRIS
_n0
_cANA
999 _c98811
_d98811